| 000 -LEADER |
| fixed length control field |
00798nam a22002297a 4500 |
| 001 - CONTROL NUMBER |
| control field |
21015 |
| 003 - CONTROL NUMBER IDENTIFIER |
| control field |
BD-DhUAP |
| 005 - DATE AND TIME OF LATEST TRANSACTION |
| control field |
20210121152222.0 |
| 008 - FIXED-LENGTH DATA ELEMENTS--GENERAL INFORMATION |
| fixed length control field |
210121r20122020bg a|||| |||| 00| 0 eng d |
| 020 ## - INTERNATIONAL STANDARD BOOK NUMBER |
| International Standard Book Number |
9847007609437 |
| 040 ## - CATALOGING SOURCE |
| Original cataloging agency |
BD-DhUAP |
| Language of cataloging |
Eng |
| Transcribing agency |
BD-DhUAP |
| Modifying agency |
BD-DhUAP |
| 082 ## - DEWEY DECIMAL CLASSIFICATION NUMBER |
| Edition number |
23 |
| Classification number |
923.1 HOS |
| 100 ## - MAIN ENTRY--PERSONAL NAME |
| Personal name |
Hossain, Selina. |
| 245 ## - TITLE STATEMENT |
| Title |
Our beloved Sheikh Mujib / |
| Statement of responsibility, etc. |
Selina Hossain ; Translated by Ishraq Zara Khan. |
| 260 ## - PUBLICATION, DISTRIBUTION, ETC. |
| Place of publication, distribution, etc. |
Dhaka : |
| Name of publisher, distributor, etc. |
Bangladesh Shishu Academy, |
| Date of publication, distribution, etc. |
2011 [2020]. |
| 300 ## - PHYSICAL DESCRIPTION |
| Extent |
48 pages : |
| Other physical details |
illustrations ; |
| Dimensions |
25 cm. |
| 490 ## - SERIES STATEMENT |
| Series statement |
Father of the Nation Bangabandhu Sheikh Mujibur Rahman Children-Books Series-4. |
| 600 ## - SUBJECT ADDED ENTRY--PERSONAL NAME |
| Personal name |
Rahman, Bangabandhu Sheikh Mujibur |
| Dates associated with a name |
1920-1975 |
| Form subdivision |
Biography. |
| 650 ## - SUBJECT ADDED ENTRY--TOPICAL TERM |
| Topical term or geographic name entry element |
Politician |
| Form subdivision |
Biography. |
| 700 ## - ADDED ENTRY--PERSONAL NAME |
| Personal name |
Khan, Ishraq Zara. |
| 942 ## - ADDED ENTRY ELEMENTS (KOHA) |
| Source of classification or shelving scheme |
|
| Koha item type |
Book |